Informe Comisión Nacional de la Familia

Uloženo v:
Podrobná bibliografie
Korporace: SERNAM (Autor), Servicio Nacional de la Mujer (Autor)
Médium: Kniha
Jazyk:španělština
Vydáno: Santiago Sernam 1994
Témata:
Tagy: Přidat tag
Žádné tagy, Buďte první, kdo vytvoří štítek k tomuto záznamu!

MARC

LEADER 00000nam a2200000 a 4500
001 UCL1321
003 CL-VaPUC
008 030905e19940000cl |||||||||||||||||spa|d
082 0 4 |a 306.85  |b SER  |2 21 
110 2 |a SERNAM  |e author  |9 478272 
710 2 |a Servicio Nacional de la Mujer  |e author  |9 478273 
245 1 0 |a Informe Comisión Nacional de la Familia 
300 |a 477 p 
942 |c BK 
945 |d 20030905 00:00:00  |a cmena 
260 |a Santiago  |b Sernam  |c 1994 
650 0 |a Grupos sociales  |9 268887 
650 0 |a Mujeres  |9 257649 
650 0 |a Bienestar social   |9 255298 
650 0 |a Política gubernamental  |9 262286 
999 |c 304960  |d 304958 
583 |k Rodrigo Vera 
952 |0 0  |1 0  |4 0  |6 306_850000000000000_SER_1994  |7 0  |8 DER_HDC  |9 367834  |a BIBDER  |b BIBDER  |d 2019-11-21  |i 3929213  |o 306.85 SER 1994  |p 3929213  |r 2023-01-25  |w 2019-11-21  |x Ubicación 4to Piso  |y BK  |z Estos recursos deben solicitarse con anticipación  |k DER